| 000 | 00460 a2200145 4500 | ||
|---|---|---|---|
| 001 | 67870 | ||
| 020 | _a9780471782452 | ||
| 082 | _a364.163 JAK | ||
| 090 |
_c38634 _d38634 |
||
| 100 | _aJakobsson,Markus | ||
| 245 |
_aPhishing and countermeasures understanding the increasing problem of electronic Identity Theft _cMarkus Jakobsson and Steven Myers |
||
| 260 |
_aNewyork _bWiley _c2007 |
||
| 300 | _axxvi 700p | ||
| 600 | _aMarkus Jakobsson and Steven Myers | ||
| 942 |
_acaenust _k364.163 JAK |
||
| 999 |
_c302943 _d302943 |
||